[Event "CAN-ch U10"]
[Site "Ottawa"]
[Date "2007.07.05"]
[Round "5"]
[White "Leveille, Francois2222"]
[Black "Tremblay, Kevin"]
[Result "1-0"]
[WhiteElo "998"]
[BlackElo "1293"]
[PlyCount "147"]
[EventDate "2007.07.03"]
[EventType "swiss"]
[EventRounds "7"]
[EventCountry "CAN"]
[SourceTitle "EXT 2022"]
[Source "ChessBase"]
[SourceDate "2021.10.06"]
[SourceVersion "1"]
[SourceVersionDate "2021.10.06"]
[SourceQuality "1"]

1. e4 e5 2. Nf3 Nc6 3. Bc4 Nf6 4. 0-0 Bc5 5. Nc3 0-0 6. Na4 d6 7. Bb5 Rb8 8. Bxc6 bxc6 9. b3 Re8 10. Nxc5 dxc5 11. Ba3 Ba6 12. Re1 Qd6 13. Bb2 Nd7 14. c3 c4 15. Qc1 cxb3 16. Ba3 Qg6 17. Nh4 Qh5 18. Nf3 b2 19. Bxb2 Bc8 20. Rb1 Nc5 21. Ba3 Rxb1 22. Qxb1 Nd3 23. Qxd3 Qg6 24. Nh4 Qg4 25. Qg3 Qxg3 26. fxg3 Be6 27. Bc5 Ra8 28. Ra1 Bc4 29. Nf5 Bd3 30. Re1 g6 31. Nh6+ Kg7 32. Ng4 h5 33. Nxe5 Re8 34. Nxd3 a5 35. e5 a4 36. Nf4 f6 37. e6 g5 38. Nxh5+ Kh6 39. Nxf6 Rd8 40. e7 Rxd2 41. e8Q g4 42. Nxg4+ Kh7 43. Re6 Kg7 44. Qf7+ Kxf7 45. Rf6+ Kg7 46. h4 Re2 47. Bf8+ Kg8 48. Nh6+ Kh7 49. h5 Rxa2 50. Rf7+ Kh8 51. Bg7+ Kh7 52. g4 Ra1+ 53. Kh2 Rf1 54. Rxf1 Kxg7 55. g5 a3 56. Ra1 c5 57. Rxa3 c4 58. Ra7 Kh8 59. Ra8+ Kg7 60. Rg8+ Kh7 61. Rc8 c6 62. Rxc6 Kg7 63. Rxc4 Kh7 64. Rb4 Kg7 65. c4 Kf8 66. c5 Ke7 67. c6 Ke6 68. c7 Ke5 69. Rc4 Kd6 70. c8Q Kd5 71. Qa6 Ke5 72. Qa5+ Kd6 73. Rb4 Kc6 74. Qa6+ 1-0